| 000 | 00664nam a22002297a 4500 | ||
|---|---|---|---|
| 003 | UA-OsUOA | ||
| 001 | 50073 | ||
| 007 | ta | ||
| 008 | 20071022b un ||||| |||| 00| 0 ukr d | ||
| 100 | _aМельвиль А.Ю. | ||
| 700 | _aТимофеев И.Н. | ||
| 090 |
_a32 _bМ-12 |
||
| 942 | _cSA | ||
| 040 |
_aUA-OsUOA _brus _cUA-OsUOA _dUA-OsUOA |
||
| 245 | _aКлассификация стран мира с использованием методов многомерного статистического анализа | ||
| 300 | _aС.168-193 | ||
| 955 | _a0 | ||
| 041 | _arus | ||
| 080 | _a32 | ||
| 773 | 0 | _w50072 | |
| 650 | 7 |
_a32 Політика _2UDC |
|
| 999 |
_c336171 _d336171 |
||